[Event "España tch División de Honor 2014"]
[Site "Linares ESP"]
[Date "2014.09.04"]
[Round "1.4"]
[White "Rodshtein, Maxim"]
[Black "Perez Candelario, Manuel"]
[Result "1-0"]
[WhiteElo "2678"]
[BlackElo "2575"]
[PlyCount "133"]
[EventDate "2014.09.04"]
[EventType "team-tourn"]
[EventRounds "7"]
[EventCountry "ESP"]
[Source "lmi"]
[SourceDate "2014.09.04"]
[WhiteTeam "SESTAO NATURGAS ENERGIA"]
[BlackTeam "CLUB MAGIC EXTREMADURA"]

1. d4 d5 2. c4 dxc4 3. e4 Nf6 4. e5 Nd5 5. Bxc4 Nb6 6. Bd3 Nc6 7. Be3 Nb4 8.
Be4 N4d5 9. Nc3 Nxe3 10. fxe3 g6 11. Qf3 c6 12. Nge2 Bh6 13. Nf4 f5 14. exf6
exf6 15. O-O-O f5 16. Bc2 Qd6 17. d5 Bd7 18. Kb1 c5 19. Ne6 Bxe6 20. dxe6 Qxe6
21. Qh3 Bg7 22. e4 O-O 23. exf5 gxf5 24. g4 Rad8 25. Bxf5 Qh6 26. Qxh6 Bxh6 27.
Ne4 Be3 28. Rde1 Bd4 29. Ng5 Bf6 30. Nxh7 Rd2 31. Kc1 Rg2 32. Nxf6+ Rxf6 33.
Re7 Nc4 34. Rd1 Kf8 35. Rxb7 Nd6 36. Rxa7 Rxh2 37. Rc7 c4 38. a4 Re2 39. a5 Re5
40. a6 Ne8 41. Ra7 Ra5 42. Rd8 Raxa6 43. Rxa6 Rxa6 44. Bd7 Ke7 45. Rxe8+ Kxd7
46. Re4 c3 47. bxc3 Ra2 48. Rd4+ Kc6 49. Rd2 Ra1+ 50. Kc2 Rg1 51. Rd4 Kc5 52.
Rf4 Kd5 53. Ra4 Kc5 54. Kd2 Rg3 55. Rd4 Kc6 56. c4 Kc5 57. Re4 Ra3 58. Ke2 Kc6
59. Re3 Ra4 60. Rc3 Kc5 61. Kf3 Ra1 62. Kf4 Kd4 63. Re3 Rf1+ 64. Rf3 Ra1 65. g5
Kxc4 66. g6 Kd5 67. g7 1-0

[Event "España tch División de Honor 2014"]
[Site "Linares ESP"]
[Date "2014.09.04"]
[Round "1.4"]
[White "Antipov, Mikhail Al"]
[Black "Salgado Lopez, Ivan"]
[Result "1-0"]
[WhiteElo "2508"]
[BlackElo "2619"]
[PlyCount "137"]
[EventDate "2014.09.04"]
[EventType "team-tourn"]
[EventRounds "7"]
[EventCountry "ESP"]
[Source "lmi"]
[SourceDate "2014.09.04"]
[WhiteTeam "CLUB MAGIC EXTREMADURA"]
[BlackTeam "SESTAO NATURGAS ENERGIA"]

1. e4 c5 2. Nf3 e6 3. b3 d6 4. Bb2 e5 5. g3 Nc6 6. Bg2 g6 7. O-O Bg7 8. d3 Nge7
9. Nh4 O-O 10. f4 exf4 11. Bxg7 Kxg7 12. gxf4 f5 13. Qe1 fxe4 14. dxe4 Nd4 15.
Na3 Bg4 16. Kh1 Nec6 17. c3 Ne2 18. f5 Ne5 19. Bf3 Bxf3+ 20. Nxf3 Nf4 21. Qd2
Ned3 22. Ne1 Qe7 23. Qe3 Rxf5 24. Nxd3 Nd5 25. Qe2 Nxc3 26. Qg2 Rg5 27. Qf3
Nxe4 28. Nf2 Nxf2+ 29. Rxf2 d5 30. Re2 Re5 31. Rae1 Rxe2 32. Rxe2 Qf7 33. Qxf7+
Kxf7 34. Nb5 b6 35. Kg2 a6 36. Nc7 Rd8 37. Re5 d4 38. Kf3 Rd7 39. Nd5 b5 40.
Ke4 a5 41. Nf4 c4 42. Rxb5 d3 43. Rd5 Re7+ 44. Kf3 g5 45. Nh3 cxb3 46. axb3 h6
47. Rxd3 Ra7 48. Rd6 Kg7 49. Nf2 a4 50. bxa4 Rxa4 51. Ne4 Ra2 52. Kg3 Ra4 53.
Nc5 Rc4 54. Nd3 Ra4 55. Ne5 Ra3+ 56. Rd3 Rxd3+ 57. Nxd3 Kg6 58. Ne1 Kf5 59. Kf3
h5 60. Ng2 Ke5 61. Ne3 Kf6 62. Ke4 Ke6 63. Nd5 g4 64. Nf4+ Kf6 65. Nxh5+ Kg5
66. Ng3 Kh4 67. Kf5 Kh3 68. Nf1 Kh4 69. Ke4 1-0

[Event "España tch División de Honor 2014"]
[Site "Linares ESP"]
[Date "2014.09.04"]
[Round "1.4"]
[White "Romero Holmes, Alfonso"]
[Black "Santos Latasa, Jaime"]
[Result "0-1"]
[WhiteElo "2488"]
[BlackElo "2486"]
[PlyCount "58"]
[EventDate "2014.09.04"]
[EventType "team-tourn"]
[EventRounds "7"]
[EventCountry "ESP"]
[Source "lmi"]
[SourceDate "2014.09.04"]
[WhiteTeam "SESTAO NATURGAS ENERGIA"]
[BlackTeam "CLUB MAGIC EXTREMADURA"]

1. d4 e6 2. e4 d5 3. Nc3 Nf6 4. e5 Nfd7 5. Nce2 c5 6. c3 Nc6 7. Nf3 cxd4 8.
cxd4 f6 9. exf6 Nxf6 10. Nc3 Bd6 11. Bb5 O-O 12. O-O Qc7 13. Re1 Ng4 14. h3
Bh2+ 15. Kf1 Nxf2 16. Kxf2 Qg3+ 17. Ke3 Qxg2 18. Bxc6 bxc6 19. Nxh2 Qf2+ 20.
Kd3 Ba6+ 21. Nb5 Qxh2 22. Qg4 Bxb5+ 23. Kc3 c5 24. dxc5 d4+ 25. Kb4 Rab8 26.
Ka3 Qc2 27. Qxd4 Rfd8 28. Qg4 Rd3+ 29. b3 Bc4 0-1

[Event "España tch División de Honor 2014"]
[Site "Linares ESP"]
[Date "2014.09.05"]
[Round "2.1"]
[White "Narciso Dublan, Marc"]
[Black "Sargissian, Gabriel"]
[Result "1/2-1/2"]
[WhiteElo "2524"]
[BlackElo "2691"]
[PlyCount "74"]
[EventDate "2014.09.04"]
[EventType "team-tourn"]
[EventRounds "7"]
[EventCountry "ESP"]
[Source "lmi"]
[SourceDate "2014.09.04"]
[WhiteTeam "C. E.  BARBERA"]
[BlackTeam "CLUB MAGIC EXTREMADURA"]

1. d4 d5 2. c4 e6 3. Nc3 c6 4. e3 f5 5. f4 Nf6 6. Nf3 Be7 7. Be2 O-O 8. O-O Bd7
9. Bd2 Be8 10. Rb1 Bh5 11. Ng5 Bxe2 12. Qxe2 Qd7 13. c5 Na6 14. b4 Nc7 15. b5
Ne4 16. Ngxe4 dxe4 17. bxc6 bxc6 18. Rb3 Rfb8 19. Rfb1 Rxb3 20. Rxb3 Qc8 21. g4
Rb8 22. Qc4 Kf8 23. gxf5 exf5 24. Be1 Rxb3 25. Qxb3 g5 26. fxg5 Bxg5 27. Bf2
Ke7 28. d5 cxd5 29. Nxd5+ Nxd5 30. Qxd5 Qd7 31. Qg8 Qd1+ 32. Kg2 Qf3+ 33. Kg1
Qg4+ 34. Kh1 Qd1+ 35. Kg2 Qf3+ 36. Kg1 Qd1+ 37. Kg2 Qf3+ 1/2-1/2

[Event "España tch División de Honor 2014"]
[Site "Linares ESP"]
[Date "2014.09.05"]
[Round "2.1"]
[White "Oparin, Grigoriy"]
[Black "Vassallo Barroche, Mauricio"]
[Result "1-0"]
[WhiteElo "2540"]
[BlackElo "2424"]
[PlyCount "81"]
[EventDate "2014.09.04"]
[EventType "team-tourn"]
[EventRounds "7"]
[EventCountry "ESP"]
[Source "lmi"]
[SourceDate "2014.09.04"]
[WhiteTeam "CLUB MAGIC EXTREMADURA"]
[BlackTeam "C. E.  BARBERA"]

1. e4 e5 2. Nf3 Nc6 3. Bb5 Nf6 4. d3 d6 5. c3 Bd7 6. O-O g6 7. Re1 Bg7 8. Nbd2
O-O 9. Ba4 Nh5 10. Nf1 Qe8 11. Bb3 Kh8 12. Ne3 Nd8 13. d4 Ne6 14. Nc4 f6 15. g3
Nd8 16. Nh4 Nf7 17. f4 Bh6 18. Ng2 Ng7 19. Bd2 Ne6 20. Be3 Bg7 21. Qf3 Qc8 22.
Bf2 exd4 23. cxd4 f5 24. e5 dxe5 25. Nxe5 Nxe5 26. dxe5 Bc6 27. Qe3 Qe8 28.
Red1 a5 29. Bc4 Qe7 30. h4 Rfd8 31. Ne1 h6 32. Nf3 Be4 33. Rd2 Rxd2 34. Nxd2
Bc6 35. Nf3 Rd8 36. Bxe6 Qxe6 37. Nd4 Qd5 38. Nxc6 bxc6 39. b3 g5 40. fxg5 hxg5
41. Qxg5 1-0

[Event "España tch División de Honor 2014"]
[Site "Linares ESP"]
[Date "2014.09.05"]
[Round "2.1"]
[White "Alonso Moyano, Jonathan"]
[Black "Svetushkin, Dmitry"]
[Result "1/2-1/2"]
[WhiteElo "2402"]
[BlackElo "2580"]
[PlyCount "94"]
[EventDate "2014.09.04"]
[EventType "team-tourn"]
[EventRounds "7"]
[EventCountry "ESP"]
[Source "lmi"]
[SourceDate "2014.09.04"]
[WhiteTeam "C. E.  BARBERA"]
[BlackTeam "CLUB MAGIC EXTREMADURA"]

1. e4 c6 2. d4 d5 3. e5 Bf5 4. Nf3 e6 5. Be2 Ne7 6. O-O Bg6 7. Nbd2 Nf5 8. c3
c5 9. Nb3 c4 10. Nbd2 Nc6 11. g4 Nfe7 12. Nh4 h5 13. f4 hxg4 14. Nxg6 Nxg6 15.
Bxg4 Nh4 16. f5 exf5 17. Bxf5 Nxf5 18. Rxf5 Qd7 19. Rf2 O-O-O 20. Nf1 f6 21.
exf6 gxf6 22. Qf3 Bd6 23. Bf4 Rdg8+ 24. Ng3 Be7 25. b3 Rh4 26. bxc4 dxc4 27.
Kh1 Rgh8 28. Ne4 f5 29. Ng3 Bf6 30. Ne2 Ne7 31. Bg3 Re4 32. Nf4 Bg5 33. Rd1 Re8
34. Ng2 Qd5 35. Kg1 Rg8 36. Kf1 Rf8 37. Bf4 Bxf4 38. Nxf4 Qd6 39. Re1 Rxe1+ 40.
Kxe1 Ng6 41. Qd5 Qxd5 42. Nxd5 Kd7 43. Ne3 f4 44. Nxc4 Rc8 45. Ne5+ Nxe5 46.
dxe5 Rxc3 47. Rxf4 Re3+ 1/2-1/2

[Event "España tch División de Honor 2014"]
[Site "Linares ESP"]
[Date "2014.09.05"]
[Round "2.1"]
[White "Antipov, Mikhail Al"]
[Black "Guramishvili, Sopiko"]
[Result "1/2-1/2"]
[WhiteElo "2508"]
[BlackElo "2393"]
[PlyCount "64"]
[EventDate "2014.09.04"]
[EventType "team-tourn"]
[EventRounds "7"]
[EventCountry "ESP"]
[Source "lmi"]
[SourceDate "2014.09.04"]
[WhiteTeam "CLUB MAGIC EXTREMADURA"]
[BlackTeam "C. E.  BARBERA"]

1. e4 c5 2. Nf3 d6 3. d4 cxd4 4. Nxd4 Nf6 5. Nc3 a6 6. h3 e6 7. g4 Nfd7 8. Be3
b5 9. a3 Bb7 10. g5 Nb6 11. Qh5 g6 12. Qg4 N8d7 13. h4 Ne5 14. Qh3 h5 15. gxh6
Bxh6 16. O-O-O Bxe3+ 17. Qxe3 Nec4 18. Qg3 Qc7 19. f4 O-O-O 20. Be2 Kb8 21. Rh3
Rc8 22. Bxc4 Nxc4 23. Nb3 Rh5 24. Nd2 Nb6 25. Qd3 a5 26. b4 a4 27. Ndb1 Nc4 28.
Nd2 Nb6 29. Ndb1 Nc4 30. Nd2 Nb6 31. Ndb1 Nc4 32. Rhh1 Qd8 1/2-1/2

[Event "España tch División de Honor 2014"]
[Site "Linares ESP"]
[Date "2014.09.05"]
[Round "2.1"]
[White "Bergez, Luc"]
[Black "Santos Latasa, Jaime"]
[Result "0-1"]
[WhiteElo "2353"]
[BlackElo "2486"]
[PlyCount "58"]
[EventDate "2014.09.04"]
[EventType "team-tourn"]
[EventRounds "7"]
[EventCountry "ESP"]
[Source "lmi"]
[SourceDate "2014.09.04"]
[WhiteTeam "C. E.  BARBERA"]
[BlackTeam "CLUB MAGIC EXTREMADURA"]

1. d4 Nf6 2. Nc3 e6 3. Bf4 Bb4 4. a3 Bxc3+ 5. bxc3 O-O 6. e3 Nd5 7. Bd3 Nxf4 8.
exf4 d6 9. Qh5 g6 10. Qf3 e5 11. h4 Re8 12. Ne2 Qe7 13. Bc4 h5 14. O-O Nc6 15.
fxe5 dxe5 16. Rfe1 Bg4 17. Qg3 Qf6 18. Bb5 Bxe2 19. Bxc6 Qxc6 20. Rxe2 exd4 21.
Rae1 Rxe2 22. Rxe2 Qxc3 23. Qf4 Qxa3 24. Qxc7 Qc1+ 25. Kh2 d3 26. Re7 Qxc2 27.
Qxb7 Rf8 28. Qf3 Qa4 29. g3 d2 0-1

[Event "España tch División de Honor 2014"]
[Site "Linares ESP"]
[Date "2014.09.05"]
[Round "2.1"]
[White "Moreno Tejera, Emilio"]
[Black "Martinez Ramirez, Erik"]
[Result "1-0"]
[WhiteElo "2435"]
[BlackElo "2286"]
[PlyCount "65"]
[EventDate "2014.09.04"]
[EventType "team-tourn"]
[EventRounds "7"]
[EventCountry "ESP"]
[Source "lmi"]
[SourceDate "2014.09.04"]
[WhiteTeam "CLUB MAGIC EXTREMADURA"]
[BlackTeam "C. E.  BARBERA"]

1. e4 c5 2. Nf3 g6 3. d4 cxd4 4. Nxd4 Nf6 5. Nc3 Nc6 6. Nb3 d6 7. Be2 Bg7 8.
O-O O-O 9. Bg5 Be6 10. Kh1 Ne5 11. f4 Nc4 12. f5 Nxb2 13. Qc1 Bc4 14. Qxb2 Bxe2
15. Nxe2 Nxe4 16. f6 Nxf6 17. Nbd4 Qd7 18. c4 Ne4 19. Be3 Nc5 20. Qd2 Qa4 21.
Rac1 Ne4 22. Qd3 Nc5 23. Qd2 Ne4 24. Qd3 Nc5 25. Qb1 b6 26. Nb5 Rac8 27. Bg5
Rfe8 28. Rf3 a5 29. Bd2 Ne4 30. Qxe4 Qxa2 31. Qd3 e6 32. Nec3 Bxc3 33. Qxc3 1-0

[Event "España tch División de Honor 2014"]
[Site "Linares ESP"]
[Date "2014.09.05"]
[Round "2.2"]
[White "Iturrizaga Bonelli, Eduardo"]
[Black "Giri, Anish"]
[Result "1-0"]
[WhiteElo "2660"]
[BlackElo "2758"]
[PlyCount "71"]
[EventDate "2014.09.04"]
[EventType "team-tourn"]
[EventRounds "7"]
[EventCountry "ESP"]
[Source "lmi"]
[SourceDate "2014.09.04"]
[WhiteTeam "EQUIGOMA -  CASA SOCIAL CATOLICA"]
[BlackTeam "SESTAO NATURGAS ENERGIA"]

1. Nf3 c5 2. c4 Nf6 3. Nc3 d5 4. cxd5 Nxd5 5. Qb3 Nc7 6. Ne5 e6 7. g3 Nd7 8.
Nc4 Be7 9. Bg2 O-O 10. a4 Nf6 11. O-O Ncd5 12. Rd1 b6 13. e4 Nb4 14. d4 cxd4
15. Bf4 Ba6 16. Nb5 d3 17. Bc7 Bxb5 18. Bxd8 Bxc4 19. Qxc4 Rfxd8 20. Rac1 e5
21. Qb5 Bc5 22. Rxc5 bxc5 23. Qxc5 a5 24. Qxe5 Re8 25. Qf5 Ra7 26. Qc5 Ra6 27.
Qb5 Ra7 28. e5 Nd7 29. f4 Rb8 30. Qc4 Nb6 31. Qc5 Rd7 32. b3 N6d5 33. Be4 Rbd8
34. Rd2 g6 35. Qxa5 Rb8 36. Qc5 1-0

[Event "España tch División de Honor 2014"]
[Site "Linares ESP"]
[Date "2014.09.05"]
[Round "2.2"]
[White "Arizmendi Martinez, Julen Luis"]
[Black "Edouard, Romain"]
[Result "1/2-1/2"]
[WhiteElo "2544"]
[BlackElo "2674"]
[PlyCount "72"]
[EventDate "2014.09.04"]
[EventType "team-tourn"]
[EventRounds "7"]
[EventCountry "ESP"]
[Source "lmi"]
[SourceDate "2014.09.04"]
[WhiteTeam "EQUIGOMA -  CASA SOCIAL CATOLICA"]
[BlackTeam "SESTAO NATURGAS ENERGIA"]

1. d4 Nf6 2. c4 e6 3. Nc3 Bb4 4. e3 O-O 5. Bd3 d5 6. cxd5 exd5 7. Nge2 Re8 8.
Bd2 Bf8 9. Rc1 b6 10. O-O c5 11. Nf4 Ba6 12. Bxa6 Nxa6 13. Qf3 cxd4 14. exd4
Nc7 15. Rfe1 Qd7 16. h3 b5 17. Nh5 Nxh5 18. Qxh5 b4 19. Rxe8 Rxe8 20. Ne2 Ne6
21. Be3 g6 22. Qf3 Bg7 23. b3 Rd8 24. h4 h5 25. Nf4 Nc7 26. Ne2 Nb5 27. g3 a6
28. Rc5 Bf8 29. Rc1 Re8 30. Kg2 Re4 31. Qf6 Nd6 32. Qf3 Nf5 33. Rc2 Rg4 34. Kf1
Re4 35. Kg2 Rg4 36. Kf1 Re4 1/2-1/2

[Event "España tch División de Honor 2014"]
[Site "Linares ESP"]
[Date "2014.09.05"]
[Round "2.2"]
[White "Rodshtein, Maxim"]
[Black "Castellanos Rodriguez, Renier"]
[Result "1-0"]
[WhiteElo "2678"]
[BlackElo "2465"]
[PlyCount "47"]
[EventDate "2014.09.04"]
[EventType "team-tourn"]
[EventRounds "7"]
[EventCountry "ESP"]
[Source "lmi"]
[SourceDate "2014.09.04"]
[WhiteTeam "SESTAO NATURGAS ENERGIA"]
[BlackTeam "EQUIGOMA -  CASA SOCIAL CATOLICA"]

1. e4 c5 2. Nf3 e6 3. d4 cxd4 4. Nxd4 a6 5. Bd3 Bc5 6. Nb3 Be7 7. Qg4 g6 8. Qe2
d6 9. O-O Nd7 10. f4 Qc7 11. Nc3 b5 12. a4 b4 13. Na2 Ngf6 14. Be3 d5 15. e5
Ne4 16. Bxe4 dxe4 17. c3 a5 18. Rfc1 Qb7 19. Qb5 Qxb5 20. axb5 Bb7 21. cxb4
axb4 22. Rc7 Bc8 23. Nac1 Rb8 24. Ba7 1-0

[Event "España tch División de Honor 2014"]
[Site "Linares ESP"]
[Date "2014.09.05"]
[Round "2.2"]
[White "Corral Blanco, Juan Antonio"]
[Black "Salgado Lopez, Ivan"]
[Result "0-1"]
[WhiteElo "2439"]
[BlackElo "2619"]
[PlyCount "68"]
[EventDate "2014.09.04"]
[EventType "team-tourn"]
[EventRounds "7"]
[EventCountry "ESP"]
[Source "lmi"]
[SourceDate "2014.09.04"]
[WhiteTeam "EQUIGOMA -  CASA SOCIAL CATOLICA"]
[BlackTeam "SESTAO NATURGAS ENERGIA"]

1. d4 Nf6 2. c4 g6 3. Nc3 d5 4. cxd5 Nxd5 5. e4 Nxc3 6. bxc3 Bg7 7. Be3 c5 8.
Qd2 O-O 9. Nf3 Qa5 10. Rc1 Nd7 11. Bh6 Rd8 12. Bxg7 Kxg7 13. Bd3 Nf6 14. Qg5
Qa3 15. O-O cxd4 16. Nxd4 Rxd4 17. cxd4 Qxd3 18. e5 Nd5 19. Rfd1 Qa3 20. h4
Qxa2 21. Rd3 Be6 22. Qg3 h5 23. Qg5 Rc8 24. Rxc8 Bxc8 25. Qc1 Nf4 26. Rd2 Qd5
27. f3 Bd7 28. Qa3 Qc4 29. Kh2 Nd5 30. Qxa7 Qc1 31. Rf2 Qe3 32. Qa2 Qxd4 33.
Re2 Qxh4+ 34. Kg1 Nc3 0-1

[Event "España tch División de Honor 2014"]
[Site "Linares ESP"]
[Date "2014.09.05"]
[Round "2.2"]
[White "Del Rio De Angelis, Salvador G"]
[Black "Guerrero Vargas, Andres"]
[Result "0-1"]
[WhiteElo "2517"]
[BlackElo "2303"]
[PlyCount "83"]
[EventDate "2014.09.04"]
[EventType "team-tourn"]
[EventRounds "7"]
[EventCountry "ESP"]
[Source "lmi"]
[SourceDate "2014.09.04"]
[WhiteTeam "SESTAO NATURGAS ENERGIA"]
[BlackTeam "EQUIGOMA -  CASA SOCIAL CATOLICA"]

1. d4 Nf6 2. c4 e6 3. Nc3 Bb4 4. e3 O-O 5. Bd3 d5 6. Nf3 c5 7. O-O dxc4 8. Bxc4
Nbd7 9. a3 Ba5 10. Bd2 b6 11. Qe2 Bb7 12. Rad1 a6 13. dxc5 bxc5 14. Ba2 Qc7 15.
Rc1 Bc6 16. Nb1 Rab8 17. b4 Ng4 18. Rfd1 Bxf3 19. Qxf3 Qxh2+ 20. Kf1 Qh4 21. g3
Qh5 22. Ke2 Nde5 23. Rxc5 Rb5 24. Rxe5 Rxe5 25. Rh1 Qg6 26. Rh4 h5 27. bxa5 Qc2
28. Qf4 Qxa2 29. Rxg4 Rf5 30. Rxg7+ Kxg7 31. Qd4+ e5 32. Qe4 Qe6 33. Bb4 Rc8
34. Nd2 Rf6 35. Nf3 Qc4+ 36. Qxc4 Rxc4 37. Nxe5 Rc2+ 38. Kd3 Rfxf2 39. Nd7 Rc6
40. Nc5 Rg2 41. Ne4 f5 42. Kd4 0-1

[Event "España tch División de Honor 2014"]
[Site "Linares ESP"]
[Date "2014.09.05"]
[Round "2.3"]
[White "Ivanchuk, Vassily"]
[Black "Harikrishna, Pentala"]
[Result "1/2-1/2"]
[WhiteElo "2726"]
[BlackElo "2725"]
[PlyCount "74"]
[EventDate "2014.09.04"]
[EventType "team-tourn"]
[EventRounds "7"]
[EventCountry "ESP"]
[Source "lmi"]
[SourceDate "2014.09.04"]
[WhiteTeam "MERIDA PATRIMONIO DE LA HUMANIDAD"]
[BlackTeam "C.A. SOLVAY"]

1. e4 e5 2. Nf3 Nc6 3. Bb5 a6 4. Ba4 Nf6 5. O-O Be7 6. Re1 d6 7. c3 Bg4 8. d3
Nd7 9. Be3 h6 10. h3 Bh5 11. Nbd2 Bg5 12. Bxc6 bxc6 13. d4 Bxe3 14. Rxe3 exd4
15. cxd4 c5 16. Nb3 cxd4 17. Nbxd4 O-O 18. g4 Bg6 19. Nc6 Qf6 20. Qd4 Rfe8 21.
Rae1 Re6 22. e5 dxe5 23. Ncxe5 Nb6 24. Nxg6 Rxe3 25. Rxe3 Qxg6 26. Nh4 Qb1+ 27.
Kh2 c5 28. Qe5 Nc4 29. Qd5 Nxe3 30. Qxa8+ Kh7 31. Qf3 Nd1 32. Qxf7 Qc2 33. Kg1
Qe4 34. b3 Nc3 35. Nf5 Qe1+ 36. Kg2 Qe4+ 37. Kg1 Qe1+ 1/2-1/2

[Event "España tch División de Honor 2014"]
[Site "Linares ESP"]
[Date "2014.09.05"]
[Round "2.3"]
[White "Delchev, Aleksander"]
[Black "Almasi, Zoltan"]
[Result "0-1"]
[WhiteElo "2660"]
[BlackElo "2694"]
[PlyCount "85"]
[EventDate "2014.09.04"]
[EventType "team-tourn"]
[EventRounds "7"]
[EventCountry "ESP"]
[Source "lmi"]
[SourceDate "2014.09.04"]
[WhiteTeam "C.A. SOLVAY"]
[BlackTeam "MERIDA PATRIMONIO DE LA HUMANIDAD"]

1. Nf3 Nf6 2. c4 c5 3. g3 g6 4. Bg2 Bg7 5. d4 cxd4 6. Nxd4 O-O 7. Nc3 Nc6 8.
O-O Qa5 9. Nb3 Qh5 10. c5 a5 11. Na4 d6 12. e4 Bg4 13. f3 Be6 14. g4 Qe5 15. f4
Bxb3 16. Qxb3 Qd4+ 17. Be3 Qb4 18. h3 Nxe4 19. Qxb4 axb4 20. Nb6 Nxc5 21. Nxa8
Rxa8 22. Rad1 Bxb2 23. Bxc5 dxc5 24. Rd7 Rb8 25. f5 g5 26. Bxc6 bxc6 27. Rxe7
Bd4+ 28. Kg2 Ra8 29. Re2 c4 30. f6 h6 31. Rc1 c3 32. Kf3 c5 33. Rd1 Ra6 34. Ke4
Re6+ 35. Kd3 c4+ 36. Kxd4 Rxe2 37. Kxc4 Rb2 38. Rc1 Kh7 39. a3 bxa3 40. Rxc3 a2
41. Ra3 Kg6 42. Ra6 Rh2 43. Kd4 0-1

[Event "España tch División de Honor 2014"]
[Site "Linares ESP"]
[Date "2014.09.05"]
[Round "2.3"]
[White "Kryvoruchko, Yuriy"]
[Black "Ganguly, Surya Shekhar"]
[Result "1/2-1/2"]
[WhiteElo "2708"]
[BlackElo "2614"]
[PlyCount "66"]
[EventDate "2014.09.04"]
[EventType "team-tourn"]
[EventRounds "7"]
[EventCountry "ESP"]
[Source "lmi"]
[SourceDate "2014.09.04"]
[WhiteTeam "MERIDA PATRIMONIO DE LA HUMANIDAD"]
[BlackTeam "C.A. SOLVAY"]

1. e4 e5 2. Nf3 Nc6 3. Bb5 a6 4. Ba4 Nf6 5. O-O Be7 6. Re1 b5 7. Bb3 d6 8. c3
O-O 9. d4 Bg4 10. Be3 exd4 11. cxd4 Na5 12. Bc2 Nc4 13. Bc1 c5 14. b3 Nb6 15.
a4 bxa4 16. bxa4 cxd4 17. Bb2 Nfd7 18. Bxd4 Bf6 19. Bxf6 Qxf6 20. Nbd2 Ne5 21.
h3 Bxf3 22. Nxf3 Nxf3+ 23. Qxf3 Qxf3 24. gxf3 Rfc8 25. Bd3 Kf8 26. Red1 a5 27.
Bb5 Ke7 28. Rd4 Rc5 29. Rad1 Rd8 30. f4 f6 31. Kg2 Nc8 32. Rd5 Na7 33. Kf3 Nxb5
1/2-1/2

[Event "España tch División de Honor 2014"]
[Site "Linares ESP"]
[Date "2014.09.05"]
[Round "2.3"]
[White "Adhiban, Baskaran"]
[Black "Berkes, Ferenc"]
[Result "1/2-1/2"]
[WhiteElo "2619"]
[BlackElo "2649"]
[PlyCount "90"]
[EventDate "2014.09.04"]
[EventType "team-tourn"]
[EventRounds "7"]
[EventCountry "ESP"]
[Source "lmi"]
[SourceDate "2014.09.04"]
[WhiteTeam "C.A. SOLVAY"]
[BlackTeam "MERIDA PATRIMONIO DE LA HUMANIDAD"]

1. d4 Nf6 2. c4 e6 3. Nf3 Bb4+ 4. Nbd2 O-O 5. a3 Be7 6. e4 d6 7. Qc2 Nbd7 8. b3
e5 9. Bb2 Re8 10. g3 c6 11. Bg2 Bf8 12. O-O b6 13. Rfe1 Qc7 14. Rad1 Bb7 15. c5
bxc5 16. dxe5 Nxe5 17. Nxe5 dxe5 18. Nc4 Nd7 19. f4 f6 20. Bh3 Rad8 21. Bxd7
Rxd7 22. Rxd7 Qxd7 23. fxe5 fxe5 24. Nxe5 Qe6 25. Rd1 Bc8 26. Qc3 Qe7 27. Rf1
Bh3 28. Re1 Qg5 29. Nd3 Be6 30. Nf4 Qe7 31. Nxe6 Qxe6 32. Qc4 Qxc4 33. bxc4 Kf7
34. Kf2 Rb8 35. Re2 Ke6 36. Ke1 g6 37. Kd1 Be7 38. Kc2 h5 39. Rf2 a5 40. Rf3 a4
41. Bg7 Rg8 42. Bc3 Rb8 43. Bg7 Rg8 44. Bc3 Rb8 45. Be5 Kxe5 1/2-1/2

[Event "España tch División de Honor 2014"]
[Site "Linares ESP"]
[Date "2014.09.05"]
[Round "2.3"]
[White "Illescas Cordoba, Miguel"]
[Black "Cacho Reigadas, Sergio"]
[Result "1/2-1/2"]
[WhiteElo "2617"]
[BlackElo "2511"]
[PlyCount "119"]
[EventDate "2014.09.04"]
[EventType "team-tourn"]
[EventRounds "7"]
[EventCountry "ESP"]
[Source "lmi"]
[SourceDate "2014.09.04"]
[WhiteTeam "MERIDA PATRIMONIO DE LA HUMANIDAD"]
[BlackTeam "C.A. SOLVAY"]

1. e4 c5 2. Nf3 e6 3. b3 Nc6 4. Bb2 d6 5. d4 cxd4 6. Nxd4 Nf6 7. Nxc6 bxc6 8.
e5 dxe5 9. Qxd8+ Kxd8 10. Bxe5 Bc5 11. Be2 Ke7 12. Bf3 Bd7 13. Nd2 Rhd8 14. Bb2
Be8 15. Ke2 Kf8 16. Rhd1 Nd5 17. Ne4 Be7 18. c4 Nb6 19. Be5 f6 20. Bc7 Rxd1 21.
Rxd1 Rc8 22. Bd6 c5 23. Bxe7+ Kxe7 24. Nd6 Rd8 25. Nb7 Rc8 26. Ke3 Rc7 27. Nd6
Rd7 28. Nb7 Rc7 29. g4 Bc6 30. Bxc6 Rxc6 31. Na5 Rc7 32. f4 Nc8 33. a3 Nd6 34.
Rc1 Nb7 35. Nxb7 Rxb7 36. Rb1 a5 37. Kd3 Kd6 38. Kc3 Kc6 39. Re1 Kd6 40. Rd1+
Ke7 41. Rb1 Ra7 42. b4 axb4+ 43. axb4 cxb4+ 44. Rxb4 Kd6 45. Rb6+ Kc5 46. Rxe6
Ra3+ 47. Kd2 Kxc4 48. Re7 Kd4 49. Ke2 Rh3 50. Kf2 h5 51. gxh5 Rxh2+ 52. Kf3 f5
53. Rd7+ Kc4 54. Rxg7 Rxh5 55. Rg5 Rxg5 56. fxg5 Kd5 57. Kf4 Ke6 58. g6 Kf6 59.
g7 Kxg7 60. Kxf5 1/2-1/2

[Event "España tch División de Honor 2014"]
[Site "Linares ESP"]
[Date "2014.09.05"]
[Round "2.3"]
[White "De La Villa Garcia, Jesus Maria"]
[Black "Korneev, Oleg"]
[Result "0-1"]
[WhiteElo "2483"]
[BlackElo "2581"]
[PlyCount "189"]
[EventDate "2014.09.04"]
[EventType "team-tourn"]
[EventRounds "7"]
[EventCountry "ESP"]
[Source "lmi"]
[SourceDate "2014.09.04"]
[WhiteTeam "C.A. SOLVAY"]
[BlackTeam "MERIDA PATRIMONIO DE LA HUMANIDAD"]

1. e4 c5 2. Nf3 e6 3. d4 cxd4 4. Nxd4 a6 5. c4 Nf6 6. Nc3 Qc7 7. Be2 d6 8. O-O
Be7 9. Qd3 b6 10. f4 Bb7 11. b4 O-O 12. Bb2 Nc6 13. Nc2 d5 14. cxd5 Nxb4 15.
Nxb4 Bxb4 16. Rac1 Bc5+ 17. Kh1 exd5 18. e5 Ne4 19. Na4 Bc6 20. Nxc5 bxc5 21.
Bf3 Qb7 22. Qc2 Rac8 23. Rfe1 Rfe8 24. Ba1 h6 25. Kg1 Red8 26. Rcd1 Qb4 27. Rb1
Qd2 28. Qc1 c4 29. Bxe4 dxe4 30. Bc3 Qxc1 31. Rbxc1 Rd3 32. Kf2 g6 33. Re3 Rcd8
34. Ba5 R8d5 35. Rxc4 Rxa5 36. Rxc6 Rxa2+ 37. Re2 Rdd2 38. Rxd2 Rxd2+ 39. Ke3
Rxg2 40. Kxe4 a5 41. Ra6 Rxh2 42. Rxa5 Rf2 43. Ra1 Kg7 44. Ke3 Rb2 45. Ra7 Rb1
46. Kf2 Rb6 47. Kf3 h5 48. Kg3 Rb3+ 49. Kf2 Rb2+ 50. Kg3 Rb6 51. Kf3 Kf8 52. f5
gxf5 53. Kf4 h4 54. Ra3 Rh6 55. Kg5 Kg7 56. Rh3 f4 57. Kxf4 Kg6 58. Kg4 Rh8 59.
Kf4 Rh5 60. Rh2 h3 61. Kg4 Rh8 62. Kf4 Rh4+ 63. Kg3 Kg5 64. Kf3 Rh8 65. Kg3 Rh5
66. Kf2 Kg4 67. Kg1 Rxe5 68. Ra2 f5 69. Ra8 Re1+ 70. Kh2 Re2+ 71. Kg1 f4 72.
Rg8+ Kf3 73. Rh8 Rg2+ 74. Kh1 Rg3 75. Ra8 Rg5 76. Kh2 Re5 77. Ra1 Rh5 78. Ra3+
Kg4 79. Ra8 Rh7 80. Rg8+ Kf3 81. Ra8 Re7 82. Ra1 Kg4 83. Rg1+ Kh4 84. Rg8 Re2+
85. Kg1 f3 86. Rh8+ Kg4 87. Rg8+ Kf4 88. Rf8+ Ke3 89. Kf1 Rf2+ 90. Kg1 Rg2+ 91.
Kh1 Re2 92. Re8+ Kd2 93. Kg1 Re3 94. Rh8 Re1+ 95. Kh2 0-1